000 00450nam a2200181Ia 4500
008 090124s9999 xx 000 0 und d
082 _b121921
100 _aवैद्य सुरेश.
245 _a नकळत
250 _a1
260 _c1987
300 _a206
600 _aवैद्य सुरेश.
630 _a नकळत
700 _aवैद्य सुरेश.
730 _a नकळत
942 _cBOOK
999 _c168007
_d168007